000 00529nam a2200217Ia 4500
003 OSt
005 20221005133330.0
006 a|||||r|||| 00| 0
007 ta
008 221004b |||||||| |||| 00| 0 eng d
024 _a59086
037 _cTextual
040 _aCRL
_cCRL
_beng
041 _2eng
_aeng
082 _aU8:252:M5, C4
245 0 _aWith Havelock from Allahabad to Lucknow 1857
260 _c1894
650 _aGEOGRAPHY
942 _hU8:252:M5, C4
_cTEXL
_2cc
999 _c1066512
_d1066512